| 000 | 00579nam a2200205 a 4500 | ||
|---|---|---|---|
| 005 | 20140310183134.0 | ||
| 008 | 020820s19uu xx 00 eng d | ||
| 020 | _a978154101362 | ||
| 050 |
_aHD 30.37 _b.B867 2001 |
||
| 100 | _aBurns, Tim | ||
| 245 |
_aEntrepreneurship.com / _cTim Burns. |
||
| 260 |
_aUSA : _bDearbon Financial Publishing Inc., _c2001. |
||
| 300 |
_a300 p. : _c26 cm. |
||
| 521 | _aBSBA | ||
| 650 |
_aBusiness enterprises _xcomputer networks |
||
| 650 | _aElectronic commerce | ||
| 650 | _aInternet marketing | ||
| 942 |
_cBK _2lcc _kFOR |
||
| 999 |
_c19245 _d19245 |
||